000 00830nam a22001697a 4500
005 20260123085554.0
008 230718b ||||| |||| 00| 0 eng d
040 _cSSBUL
_dSSBUL
082 _223
_a၃၂၈.၅၉၁ ဒု ၁၆၀၉၅ (S-SAT)
245 _aဒုတိအကြိမ်ပြည်သူ့လွှတ်တော် ပထမအစည်းအဝေးမှတ်တမ်း /
260 _c၁၉၇၈။
300 _a၂၃၁ စာမျက်နှာ၊
_c၂၄ စင်တီ။
500 _aS-SAT: Dr. Prof Sai Aung Tun
650 _aမြန်မာနိုင်ငံ ပြည်သူ့လွှတ်တော်။
_928092
650 _aလွှတ်တော်အစည်းအဝေးများ
_zမြန်မာနိုင်ငံ။
_927844
942 _2ddc
_cBK1
999 _c27318
_d27318